Statistics for World Cities Closest to Cairo by first two letters

Click here to take the quiz!

General Stats

  • This quiz has been taken 57 times
  • The average score is 11 of 20

Answer Stats

kmcitymiles% Correct
880Aleppo547
94%
180Alexandria112
94%
407Tel Aviv253
92%
1234Jeddah767
81%
615Damascus382
71%
587Beirut365
69%
1240Istanbul770
69%
497Amman309
65%
1109Ankara689
65%
759Antalya471
65%
1121Athens697
65%
1300Baghdad808
65%
1291Mecca802
48%
1034Medina643
44%
862Adana536
42%
349Gaza217
33%
967Gaziantep601
33%
1006Izmir625
33%
1146Bursa712
13%
878Konya546
10%

Score Distribution

Percentile by Number Answered

Percent of People with Each Score

Your Score History

You have not taken this quiz